Govt. of
Madhya Pradesh

Srimad Bhagavatam (Record no. 40730)

MARC details
000 -LEADER
fixed length control field 004720000a22001690004500
003 - CONTROL NUMBER IDENTIFIER
control field MACL
005 - DATE AND TIME OF LATEST TRANSACTION
control field 20151222122613.0
008 - FIXED-LENGTH DATA ELEMENTS--GENERAL INFORMATION
fixed length control field 151222b xxu||||| |||| 00| 0 eng d
040 ## - CATALOGING SOURCE
Original cataloging agency MACL
Transcribing agency MACL
041 ## - LANGUAGE CODE
Language code of text/sound track or separate title English
082 ## - DEWEY DECIMAL CLASSIFICATION NUMBER
Classification number 294.55/BHA
100 ## - MAIN ENTRY--PERSONAL NAME
Personal name Prabhupada, A C Bhaktivedanta Swami
9 (RLIN) 21808
245 ## - TITLE STATEMENT
Title Srimad Bhagavatam
Remainder of title Third Canto The Status Quo
260 ## - PUBLICATION, DISTRIBUTION, ETC. (IMPRINT)
Name of publisher, distributor, etc. The Bhaktivedanta book Trust
Date of publication, distribution, etc. 1977
650 ## - SUBJECT ADDED ENTRY--TOPICAL TERM
Topical term or geographic name as entry element Religion
9 (RLIN) 21809
942 ## - ADDED ENTRY ELEMENTS (KOHA)
Koha item type Books
Call number prefix 294.55/BHA
Source of classification or shelving scheme
Holdings
Withdrawn status Lost status Source of classification or shelving scheme Damaged status Not for loan Home library Current library Date acquired Total Checkouts Full call number Barcode Date last seen Uniform Resource Identifier Price effective from Koha item type
          MACL MACL 15/04/2015   294.55/BHA RB0016645 29/04/2015 40980 15/04/2015 Books